| 000 | 02474nam0a2200385 i 4500 | ||
|---|---|---|---|
| 001 | RU\NLR\BIBL_A\011295797 | ||
| 005 | 20260426040942.0 | ||
| 010 | _a9785815401402 | ||
| 010 |
_a978-5-8154-0355-0 _9500 |
||
| 021 |
_aRU _b2016-93266 _96172 |
||
| 035 | _a(NLR Aleph) 011295797 | ||
| 090 |
_a10949186 _c10949186 |
||
| 100 | _a20161220d2016 k y0rusy50 ca | ||
| 101 | 0 |
_arus _deng |
|
| 102 | _aRU | ||
| 105 | _aa z 100zy | ||
| 200 | 1 |
_aКультура и искусство: поиски и открытия _eсборник научных статей _e[по итогам V (XLVI) Всероссийской студенческой научно-практической конференции с международным участием _fотв. ред.: к. культуролог. н. Е.Е. Леонов] |
|
| 210 |
_aКемерово _cИзд-во КемГИК _d2016 |
||
| 215 |
_a376 с. _cил. _d21 |
||
| 300 | _aВ надзаг.: М-во культуры Рос. Федерации, Департамент образования и науки Кемерев. обл., Кемерев. гос. ин-т культуры | ||
| 300 | _aРез. на англ. яз. | ||
| 300 | _aПосвящ. Году рос. кино, годовщине вхождения Респ. Крым и г. Севастополя в состав РФ, празднованию Дня шахтера в Кемерев. обл. | ||
| 320 | _aБиблиогр. в конце ст. | ||
| 606 |
_aИскусство _jСъезды, совещания и т.п _9934834 _3RU\NLR\AUTH\6626297 |
||
| 606 | 1 |
_aГуманитарные науки _jСъезды, совещания и т.п _92175177 _3RU\NLR\AUTH\661308230 |
|
| 686 | 1 | _aЩ,0я431 | |
| 686 | 1 | _aС.я431 | |
| 702 | 1 |
_aЛеонов _bЕ. Е. _gЕвгений Евгеньевич _4340 |
|
| 711 | 1 | 2 |
_a"Культура и искусство: поиски и открытия", всероссийская студенческая научно-практическая конференция с международным участием _d5 _eКемерово _f2016 _9542829 _3RU\NLR\AUTH\880439315 |
| 712 | 0 | 2 |
_4570 _aКемеровский государственный институт культуры _9502248 _3RU\NLR\AUTH\880418590 |
| 942 | _cBOOK | ||
| 980 | _aNBR | ||